Complete Roman drama, 2V (Record no. 95809)

MARC details
000 -LEADER
fixed length control field 00356nam a2200145Ia 4500
008 - FIXED-LENGTH DATA ELEMENTS--GENERAL INFORMATION
fixed length control field 230917s9999||||xx |||||||||||||| ||und||
040 ## - CATALOGING SOURCE
-- 150502
Original cataloging agency VIVEKANANDA LIBRARY
041 ## - Language
-- English
082 ## - DDC NUMBER
Classification number 859.9208 D858C
100 ## - MAIN ENTRY--PERSONAL NAME
Personal name Duckworth, George E
245 #0 - TITLE STATEMENT
Title Complete Roman drama, 2V
260 ## - PUBLICATION, DISTRIBUTION, ETC. (IMPRINT)
Place of publication, distribution, etc New York
Name of publisher, distributor, etc Rahdom House
Date of publication, distribution, etc 1942
300 ## - PHYSICAL DESCRIPTION
Pages 905 p.
942 ## - ADDED ENTRY ELEMENTS (KOHA)
Koha item type Books
Holdings
Withdrawn status Lost status Damaged status Not for loan Location (home branch) Sublocation or collection (holding branch) Date acquired Koha issues (times borrowed) Koha full call number Accession No. Koha date last seen Koha item type
        VIVEKANANDA LIBRARY VIVEKANANDA LIBRARY 01/04/2010   859.9208 D858C 17816 17/09/2023 Books
© Designed and Maintained by Vivekananda Library, MDU Rohtak